000 00334nam a22001457a 4500
003 SGT
020 _a978123755564
082 _a954.03
_bG09S
100 _aSINGH, NEERJA
245 _aGANDHI PATEL:LETTERS AND SPEECHES
260 _aINDIA
_bNATIONAL BOOK TRUST
_c2009
300 _a205
650 _aMAHATMA GANDHI
942 _2ddc
_cBK
999 _c26123
_d26123